| 000 | 00973nas a2200301 4500 | ||
|---|---|---|---|
| 001 | BR9101389 | ||
| 003 | BR-BrBNA | ||
| 005 | 20231205092003.0 | ||
| 007 | ta | ||
| 008 | 230509b bl.|||p| |||| 00| 00por d | ||
| 040 |
_aBR-BrBNA _bpor _cBiblioteca Nacional de Agricultura |
||
| 041 | _a(Pt) | ||
| 072 | _aF30 | ||
| 100 | 1 | _aFernandes, M.B. | |
| 100 | 1 | _aCastro, J.R. de | |
| 100 | 1 | _aFernandes, V.L.B. | |
| 100 | 1 | _aAquino, B.F. de | |
| 100 | 1 | _aAlves, J.S. | |
| 100 | 1 | _aGois, F.C. de | |
| 245 | 1 | _aAdaptabilidade de cultivares de sorgo forrageiro (Sorghum bicolor (L.)Moench)as condicoes de salinidade da microrregiao salineira norteriograndense | |
| 650 | _aSORGO FORRAGEIRO | ||
| 650 | _aCOMPORTAMENTO DE VARIEDADE | ||
| 650 | _aSOLO SALINO | ||
| 650 | _aRIO GRANDE DO NORTE | ||
| 773 | 0 |
_tCiencia Agronomica (Brazil) _xISSN 0045-6888 _g(Jun 1988), v. 19(1) p. 135-140 _wBR9101389 |
|
| 909 |
_a202311 _bLúcia _c55 _dLúcia Elande |
||
| 942 |
_2AGRIS _n0 _cANA |
||
| 999 |
_c128549 _d128549 |
||